000 00277nam a22001097a 4500
008 170113b xxu||||| |||| 00| 0 eng d
020 _a9780721644370
041 _aeng
080 _a618.2
245 _aSTUDENT STUDY GUIDE FOR UNDERSTANDING RESEARCH
_cGROVE, S.K
942 _2udc
_cBK
999 _c2881
_d2881